| 000 | 00761nam a2200241 a 4500 | ||
|---|---|---|---|
| 005 | 20200104041524.0 | ||
| 008 | 140121b1998 ck ||||| |||| 00| 0 spa d | ||
| 041 | _aspa | ||
| 044 | _ack | ||
| 090 |
_aIAvH _b00126 |
||
| 100 |
_aGaray Sarasti, Henry _94257 |
||
| 245 |
_aEcoturismo sostenible _buna caracterización del potencial que tiene Colombia en Europa Occidental |
||
| 260 |
_aBogotá _bInstituto Alexander von Humboldt _bDNP _c1998 |
||
| 300 | _a176 | ||
| 650 |
_aEcoturísmo _926724 |
||
| 650 |
_aUsosostenible _94416 |
||
| 650 |
_aDesarrollo sostenible _9278 |
||
| 650 |
_aCertificación ambiental _94417 |
||
| 662 | _aColombia | ||
| 700 |
_aMoreno S., Rocío del Pilar _94418 |
||
| 700 |
_aMaldonado, Jorge Higinio _94419 |
||
| 942 |
_cINFORME _2z _02 |
||
| 999 |
_c1772 _d1772 |
||